000 00824nam a2200253 i 4500
001 66991
003 ES-MaACL
005 20230906165924.0
007 t|
008 040428s2003 sp ||||1| spa d
020 _a84-8310-915-8
080 _a341.485"1945/1946"
100 1 _aOvery, Richard.
_988010
245 1 0 _aInterrogatorios
_b: el Tercer Reich en el banquillo /
_cRichard Overy ; traducción de María Luz García de la Hoz.
250 _a1ª ed.
260 _aBarcelona :
_bTusquets,
_c2003.
300 _a653 p. :
_bfot. bl. y n. ;
_c23 cm.
490 1 _aTiempo de memoria ;
_v31
650 0 4 _aNuremberg, Proceso de, 1945-1946.
_915649
700 1 _aGarcía de la Hoz, María Luz.
_954445
830 0 _aTiempo de memoria ;
_v31
_9180241
852 _aES-MaACL
_jL-27486
_bR.133312
999 _c66991
_d66991